<?xml version="1.0" encoding="UTF-8"?>
<record
    xmlns:xsi="http://www.w3.org/2001/XMLSchema-instance"
    xsi:schemaLocation="http://www.loc.gov/MARC21/slim http://www.loc.gov/standards/marcxml/schema/MARC21slim.xsd"
    xmlns="http://www.loc.gov/MARC21/slim">

  <leader>01153    a2200229   4500</leader>
  <datafield tag="999" ind1=" " ind2=" ">
    <subfield code="c">26532</subfield>
    <subfield code="d">26532</subfield>
  </datafield>
  <controlfield tag="008">230703b           ||||| |||| 00| 0 eng d</controlfield>
  <datafield tag="020" ind1=" " ind2=" ">
    <subfield code="a">9789356064911</subfield>
    <subfield code="c">Rs925.00</subfield>
  </datafield>
  <datafield tag="041" ind1="0" ind2=" ">
    <subfield code="a">eng</subfield>
  </datafield>
  <datafield tag="082" ind1="0" ind2="0">
    <subfield code="a">658</subfield>
    <subfield code="b">R632</subfield>
  </datafield>
  <datafield tag="245" ind1=" " ind2=" ">
    <subfield code="a">Management /</subfield>
  </datafield>
  <datafield tag="250" ind1=" " ind2=" ">
    <subfield code="a">15th ed.</subfield>
  </datafield>
  <datafield tag="260" ind1=" " ind2=" ">
    <subfield code="a">Noida :</subfield>
    <subfield code="b">Pearson india education services pvt. ltd.,</subfield>
    <subfield code="c">2023.</subfield>
  </datafield>
  <datafield tag="300" ind1=" " ind2=" ">
    <subfield code="a">xxxviii, 658 p. :</subfield>
    <subfield code="b">ill. ;</subfield>
    <subfield code="c">26 cm.</subfield>
  </datafield>
  <datafield tag="504" ind1=" " ind2=" ">
    <subfield code="a">Includes bibliographies, glossary and index.</subfield>
  </datafield>
  <datafield tag="520" ind1=" " ind2=" ">
    <subfield code="a">With a renewed focus on skills and careers, Management, 15e, can help better prepare students to enter the job market. The book vividly illustrates effective management theories by incorporating the perspectives of real-life managers. Through examples, cases, and hands-on exercises, students will see and experience management in action, `which in turn will help them understand how the concepts they're learning actually work in today's dynamic business world.</subfield>
  </datafield>
  <datafield tag="650" ind1=" " ind2="0">
    <subfield code="a">Management</subfield>
  </datafield>
  <datafield tag="700" ind1=" " ind2=" ">
    <subfield code="9">1779</subfield>
    <subfield code="a">Robbins, Stephen P.</subfield>
  </datafield>
  <datafield tag="700" ind1=" " ind2=" ">
    <subfield code="9">5597</subfield>
    <subfield code="a">Coulter, Mary</subfield>
  </datafield>
  <datafield tag="700" ind1=" " ind2=" ">
    <subfield code="9">5598</subfield>
    <subfield code="a">Randel, Amy</subfield>
  </datafield>
  <datafield tag="700" ind1=" " ind2=" ">
    <subfield code="9">5599</subfield>
    <subfield code="a">Viswanathan, Rajeesh</subfield>
  </datafield>
  <datafield tag="942" ind1=" " ind2=" ">
    <subfield code="2">ddc</subfield>
    <subfield code="c">BK</subfield>
  </datafield>
  <datafield tag="952" ind1=" " ind2=" ">
    <subfield code="0">0</subfield>
    <subfield code="1">0</subfield>
    <subfield code="2">ddc</subfield>
    <subfield code="4">0</subfield>
    <subfield code="6">658_000000000000000_R632</subfield>
    <subfield code="7">0</subfield>
    <subfield code="9">51029</subfield>
    <subfield code="a">CL</subfield>
    <subfield code="b">CL</subfield>
    <subfield code="c">REF</subfield>
    <subfield code="d">2023-07-03</subfield>
    <subfield code="e">5</subfield>
    <subfield code="g">693.75</subfield>
    <subfield code="o">658 R632</subfield>
    <subfield code="p">14274</subfield>
    <subfield code="r">2023-07-03</subfield>
    <subfield code="v">925.00</subfield>
    <subfield code="y">BK</subfield>
  </datafield>
  <datafield tag="952" ind1=" " ind2=" ">
    <subfield code="0">0</subfield>
    <subfield code="1">0</subfield>
    <subfield code="2">ddc</subfield>
    <subfield code="4">0</subfield>
    <subfield code="6">658_000000000000000_R632</subfield>
    <subfield code="7">0</subfield>
    <subfield code="9">51030</subfield>
    <subfield code="a">CL</subfield>
    <subfield code="b">CL</subfield>
    <subfield code="d">2023-07-03</subfield>
    <subfield code="e">5</subfield>
    <subfield code="g">693.75</subfield>
    <subfield code="l">1</subfield>
    <subfield code="o">658 R632</subfield>
    <subfield code="p">14275</subfield>
    <subfield code="r">2024-11-11</subfield>
    <subfield code="s">2024-10-21</subfield>
    <subfield code="v">925.00</subfield>
    <subfield code="y">BK</subfield>
  </datafield>
  <datafield tag="952" ind1=" " ind2=" ">
    <subfield code="0">0</subfield>
    <subfield code="1">0</subfield>
    <subfield code="2">ddc</subfield>
    <subfield code="4">0</subfield>
    <subfield code="6">658_000000000000000_R632</subfield>
    <subfield code="7">0</subfield>
    <subfield code="9">51031</subfield>
    <subfield code="a">CL</subfield>
    <subfield code="b">CL</subfield>
    <subfield code="d">2023-07-03</subfield>
    <subfield code="e">5</subfield>
    <subfield code="g">693.75</subfield>
    <subfield code="o">658 R632</subfield>
    <subfield code="p">14276</subfield>
    <subfield code="r">2023-07-03</subfield>
    <subfield code="v">925.00</subfield>
    <subfield code="y">BK</subfield>
  </datafield>
</record>
